Super Rugby Logos Quiz Stats

 Plays Quiz not verified by Sporcle

Challenge
Share
Tweet
Score 0/18 Timer 05:00
0 Plays Today
% Correct
Sharks
94.4%
Bulls
92.6%
Lions
89.4%
Sunwolves
87.4%
Cheetahs
87.2%
Blues
86.7%
Crusaders
86.5%
Hurricanes
85.8%
Highlanders
83.8%
% Correct
Stormers
82.4%
Chiefs
81.1%
Jaguares
78.8%
Brumbies
78.6%
Force
77.5%
Reds
75.5%
Waratahs
73.6%
Kings
73%
Rebels
72.8%

You're not logged in!

Compare scores with friends on all Sporcle quizzes.
Join for Free
OR
Log In

You Might Also Like...

Show Comments

Extras

Top Quizzes Today


Score Distribution

Your Account Isn't Verified!

In order to create a playlist on Sporcle, you need to verify the email address you used during registration. Go to your Sporcle Settings to finish the process.

Report this User

Report this user for behavior that violates our Community Guidelines.

Details: